000
00293nam a22001337a 4500
008
171107b xxu||||| |||| 00| 0 eng d
020
_a
9780324663785
041
_a
eng
080
_a
330722.6
100
_a
62
101
_a
KON
245
_a
FINANCIAL ACCOUTING
_c
WARREN.R
942
_2
udc
_c
BK
999
_c
38067
_d
38067